| 000 | nam a22 a 4500 | ||
|---|---|---|---|
| 999 |
_c435991 _d435991 |
||
| 003 | BLK | ||
| 005 | 20221208031131.0 | ||
| 008 | 210311b bu |||||r|||| 00| | bu d | ||
| 040 | _aBLK | ||
| 041 |
_aBUL _cBUL |
||
| 080 |
_aМатематика - учебници за основни училища _b373.3.016:51 _x(075.2) _z373.3.016:51(075.2) |
||
| 100 |
_91299 _aХристова, Иванка Д. _eпърви автор |
||
| 139 |
_aХристова, Иванка Д. и др. _bХ 79 |
||
| 245 |
_aАритметика _bУчебник за I кл. на помощните у-ща _cИванка Д. Христова, Вяра Кузманова, Люба Бъчварова |
||
| 250 | _a3. изд. | ||
| 260 |
_9216179 _aСофия _bНар. просв. _c1958 |
||
| 300 |
_a98 с. _b с ил., 2 л. отд. прил. _c24 см |
||
| 380 | _a3 | ||
| 650 | 0 |
_9403349 _aАритметика - учебници за помощните училища |
|
| 653 | 7 |
_9181258 _aаритметика |
|
| 653 | 7 |
_9187950 _aІ кл. |
|
| 700 |
_aКузманова, Вяра _eсъавт. _91445 |
||
| 700 |
_aБъчварова, Люба _eсъавт. _91445 |
||
| 852 |
_aЦб 12347 _bО |
||
| 942 |
_cKNG _n0 _s1 |
||
| 944 |
_aCR _c2021-11-08 _kВЙ |
||